000 00485nam a2200181Ia 4500
003 OSt
005 20250806150920.0
008 250729s2005 xx 000 0 und d
040 _cAL
041 _aeng
082 _a371.4 RAOT
100 _aRao Digumurthi
_9221030
245 _aTechnical and vocational education and training in the 21st century
260 _aNew Delhi
_bDiscovery Publishing House
_c2005
300 _a201p
650 _aTechnology
_9221031
942 _2ddc
_cBED
999 _c234826
_d234826